| 000 | 01333nam0a2200349 4500 | ||
|---|---|---|---|
| 001 | RU\NLR\bibl\824044 | ||
| 005 | 20260409070025.0 | ||
| 010 |
_a5-4946-173-8 _910000 |
||
| 021 |
_aRU _b2005-16208 _9825 |
||
| 035 | _a(NLR Aleph) 000812950 | ||
| 090 |
_a1252860 _c1252860 |
||
| 100 | _a20050727d2005 |||y0rusy50 ca | ||
| 101 | 0 | _arus | |
| 102 | _aRU | ||
| 105 | _aa ||||||||| | ||
| 200 | 1 |
_aЯ учусь привлекать деньги _e[книга-тренинг] _fАндрей Левшинов |
|
| 210 |
_aСанкт-Петербург _cпрайм-ЕВРОЗНАК _aМосква _cОлма-пресс _d2005 |
||
| 215 |
_a157 с. _cил. _d20 |
||
| 225 | 1 | _aАкадемия эдоровья и удачи | |
| 300 | _aНа 4-й с. обл. авт.: Андрей Левшинов, доктор философии и психологии | ||
| 320 | _aБиблиогр.: с. 157 (24 назв.) | ||
| 606 |
_aДеньги _3RU\NLR\auth\66119889 _91112435 |
||
| 686 | _aУ26(0)26 | ||
| 686 | _aУ5-13 | ||
| 686 | _aС550.423 | ||
| 700 | 1 |
_4070 _8rus _7ca _aЛевшинов _bА. А. _f1957- _gАндрей Алексеевич _3RU\NLR\auth\7748316 _931251 |
|
| 801 | 0 |
_aRU _bNLR _c20050727 _grcr |
|
| 801 | 1 |
_aRU _bNLR _c20050727 |
|
| 830 | _aавт. по кн. | ||
| 942 | _cBOOK | ||
| 980 | _aNB | ||